00493nam a2200205Ia 4500008004100000041001200041082000800053082001100061100002200072100002000094100001100114245003100125260001400156260003500170260000900205300001500214365002500229650002100254650001200275150909s9999 xx 000 0 und d aEnglish a330 bFRO/MO aFrohlich Norman  aOppen Heimer  eAuthor aModern political economy aNew Delhi bPrentice-hall of India Pvt Ltd c1978 a143 Pages aRs .47 .00  apolitical choice aSoicety